header

War, institutions, and social change in the Middle East (Record no. 159895)

MARC details
000 -LEADER
fixed length control field 01707nam a22003494a 4500
082 04 - DEWEY DECIMAL CLASSIFICATION NUMBER
Classification number 956.04
245 00 - TITLE STATEMENT
Title War, institutions, and social change in the Middle East
260 ## - PUBLICATION, DISTRIBUTION, ETC. (IMPRINT)
Place of publication Berkeley :
Name of publisher University of California Press,
Year of publication c2000.
300 ## - PHYSICAL DESCRIPTION
Number of Pages 372 p.
500 ## - GENERAL NOTE
General note "This volume is the result of a project on war and social change in the Middle East, directed and sponsored by the Social Science Research Council, Joint Committee on the Near and Middle East"--T.p. verso.
650 #0 - SUBJECT ADDED ENTRY--TOPICAL TERM
Topical Term War and society
Topical Term War
700 1# - ADDED ENTRY--PERSONAL NAME
Personal name Heydemann, Steven.
856 40 - ELECTRONIC LOCATION AND ACCESS
Uniform Resource Identifier http://site.ebrary.com/lib/rucke/Doc?id=10064738

No items available.

© 2026 Rongo University
Contact us: librarian | system librarian | Rongo university